| 000 | 00694nam a2200217 i 4500 | ||
|---|---|---|---|
| 001 | 29907 | ||
| 003 | ES-MaACL | ||
| 005 | 20230906154116.0 | ||
| 007 | t| | ||
| 008 | 030123s1973 sp ||||1| spa d | ||
| 245 | 0 | 0 |
_aBases para una nueva catequesis / _c[tradujo Manfred Nolte...]. |
| 260 |
_aSalamanca : _bSígueme, _c1973. |
||
| 300 |
_a305 p. ; _c21 cm. |
||
| 490 | 1 |
_aNueva alianza ; _v48 |
|
| 500 | _aPrecede al tít.: Instituto Superior de Catequetica de Nimega. | ||
| 700 | 1 |
_aNolte, Manfred. _985927 |
|
| 710 | 2 |
_aInstituto Superior de Catequética de Nimega. _95239 |
|
| 830 | 0 |
_aNueva alianza ; _v48 _9181320 |
|
| 852 |
_aES-MaACL _jC-48814 _bR.84841 |
||
| 999 |
_c29907 _d29907 |
||